Vendita e trasferimento della proprietà nella prospettiva storico-comparatistica: materiali per un corso di diritto romano
में बचाया:
| मुख्य लेखक: | |
|---|---|
| स्वरूप: | पुस्तक |
| भाषा: | इतालवी |
| प्रकाशित: |
Turín
Giappichelli
1997
|
| संस्करण: | 1a. ed |
| श्रृंखला: | Materiali Didattici, 1
|
| विषय: | |
| टैग: |
टैग जोड़ें
कोई टैग नहीं, इस रिकॉर्ड को टैग करने वाले पहले व्यक्ति बनें!
|
MARC
| LEADER | 00000cam a2200000 a 4500 | ||
|---|---|---|---|
| 001 | UCE6207 | ||
| 003 | CL-VaPUC | ||
| 008 | 150326e19970000it |||||||||||||||||ita|d | ||
| 020 | |a 8834871839 | ||
| 082 | 0 | 4 | |a 340.54 |b VAC |2 21 |
| 100 | 0 | |a Vacca, Letizia |e author |9 578831 | |
| 245 | 1 | 0 | |a Vendita e trasferimento della proprietà nella prospettiva storico-comparatistica: materiali per un corso di diritto romano |
| 250 | |a 1a. ed | ||
| 300 | |a 300 p | ||
| 942 | |c BK | ||
| 945 | |d 20150326 13:02:00 |a arojas | ||
| 260 | |a Turín |b Giappichelli |c 1997 | ||
| 650 | 0 | |a Derecho romano |9 255930 | |
| 650 | 0 | |a Propiedad |9 255268 | |
| 650 | 0 | |a Transferencia de la propiedad |9 397721 | |
| 651 | 0 | |a Europa |9 255156 | |
| 583 | |a last modification |c 20150326 13:02:00 |k Rodrigo Vera | ||
| 490 | 0 | |a Materiali Didattici, 1 | |
| 999 | |c 358588 |d 358586 | ||
| 952 | |0 0 |1 0 |3 erb |4 0 |6 340_540000000000000_VAC_1997 |7 0 |8 DER_ROM |9 467409 |a BIBDER |b BIBDER |i 5143012 |l 4 |o 340.54 VAC 1997 |p 5143012 |r 2023-01-25 |s 2020-10-01 |w 2019-11-23 |x Ubicación 4to piso |y BK |z Este recurso debe solicitarse con anticipación |k DER | ||